00389nam a2200121Ia 4500008004100000020001800041100002100059245007400080250001100154260005500165300001500220650003200235180815s9999 xx 000 0 und d a9789719258032 aYbañez, Roy C. cRoy C. Ybañez.--aInvestment management in the Philippine setting / a3rd ed aQuezon City :bUniversity of the Philippinesc2016 a450 pages. aInvestments -- Philippines.